Statistiken für Top 15 Länder mit Covid-19-Todesfällen - 22. Januar

Klicken Sie hier um das Quiz zu spielen!

Allgemein

  • Dieses Quiz wurde 30 mal gespielt
  • Das Durchschnittsergebnis liegt bei 15 aus 24

Antwortstatistiken

Land% Korrekt
Brasilien
100%
Vereinigte Staaten
100%
Deutschland
93%
Russland
93%
Spanien
93%
Frankreich
90%
Italien
90%
Mexiko
86%
Argentinien
83%
Vereinigtes Königreich
83%
Indien
79%
Kolumbien
79%
Peru
66%
Südafrika
55%
Belgien
48%
Tschechien
48%
Iran
34%
Kroatien
28%
Slowenien
28%
Ungarn
28%
Panama
17%
Bulgarien
14%
Bosnien und
Herzegowina
10%
Nordmazedonien
7%

Verteilung der Resultate

Perzentil nach korrekt beantworteten Fragen

Anzahl Personen mit jedem Resultat

Ihre Resultats-Entwicklung

Sie haben dieses Quiz noch nicht gespielt